| 000 | 00549nam a2200193Ia 4500 | ||
|---|---|---|---|
| 003 | OSt | ||
| 005 | 20251105190811.0 | ||
| 008 | 210423s2011 xx 000 0 und d | ||
| 040 | _cAL | ||
| 041 | _aEnglish | ||
| 082 |
_a362.19 _bVHAK |
||
| 245 |
_aKeeping the promise _b: two decades of Indias fight with AIDS |
||
| 260 |
_aNew Delhi _bVHAI _c2011 |
||
| 300 |
_a115p. _bPB _c24x18cm. |
||
| 365 | _cINR | ||
| 650 |
_aSocial Problems & Services _9120785 |
||
| 906 | _aAIDS ; decades ; fight ; Indias ; Keeping ; promise: ; two | ||
| 942 |
_2ddc _cBK |
||
| 999 |
_c176028 _d176028 |
||